000 00575nam a2200205Ia 4500
005 20250326145613.0
008 250326s9999 xx 000 0 und d
037 _aTextbook
040 _aFMSL
_beng
_cFMSL
041 _aeng
_2eng
084 _aX:89Q8 Q9
_qFMSL
100 _aVrat P
_9742010
245 0 _aMaterials management: integrated systems approach
_cVrat P
260 _aUnited Kingdom
_bUnited Kingdom, Springer
_c2019
300 _a408p
365 _aINR
_b795.00
650 _aManagement
942 _cTB
_hX:89Q8 Q9
999 _c1308146
_d1308146